[Event "1. liga V 24/25, Duras-Orlova"]
[Site ""]
[Date "2024.11.24"]
[Round "3.1"]
[White "Dragnev, Valentin"]
[Black "Zylka, Stanislaw"]
[Result "1-0"]
[WhiteFideId "1634852"]
[BlackFideId "1189654"]
[WhiteElo "2566"]
[BlackElo "2364"]
[PlyCount "0"]
[WhiteTeam "Duras Charlie's Street Brno"]
[BlackTeam "SK Slavia Orlova"]
[EventDate "2024.10.20"]

1. e4 c5 2. Nf3 Nc6 3. Bb5 d6 4. O-O Bd7 5. Re1 Nf6 6. c3 a6 7. Bxc6 Bxc6 8. d4
Bxe4 9. Bg5 Bxb1 10. Rxb1 e6 11. Bxf6 Qxf6 12. dxc5 Qd8 13. Qa4+ Qd7 14. Qf4
O-O-O 15. Ng5 dxc5 16. Qxf7 h6 17. Qxd7+ Rxd7 18. Nxe6 Bd6 19. Rbd1 Re8 20. Kf1
g6 21. g3 b6 22. Re2 Bb8 23. Rxd7 Kxd7 24. Nf4 Rxe2 25. Kxe2 g5 26. Nd5 b5 27.
Ke3 Ke6 28. Ke4 c4 29. h3 Bd6 30. f4 gxf4 31. gxf4 a5 32. Ne3 h5 33. Nf5 Bc5
34. Ng7+ Kd6 35. Nxh5 b4 36. cxb4 axb4 37. Ng3 Bf2 38. Ne2 Kc5 39. f5 Kd6 40.
Nf4 Be1 41. Nd5 c3 42. bxc3 bxc3 43. Ne3 Bh4 44. Kd4 Bg5 45. Nc4+ Ke7 46. Na3
Kf6 47. Ke4 Bh4 48. Nc2 Bf2 49. a4 Bb6 50. h4 Bc7 51. Ne3 Bd8 52. Nd5+ Kf7 53.
Nxc3 Bxh4 54. a5 Be1 55. a6 1-0

[Event "1. liga V 24/25, Duras-Orlova"]
[Site ""]
[Date "2024.11.24"]
[Round "3.2"]
[White "Tomaszewski, Kacper"]
[Black "Blahynka, Martin"]
[Result "1-0"]
[WhiteFideId "1127373"]
[BlackFideId "334766"]
[WhiteElo "2322"]
[BlackElo "2384"]
[PlyCount "0"]
[WhiteTeam "SK Slavia Orlova"]
[BlackTeam "Duras Charlie's Street Brno"]
[EventDate "2024.10.20"]

1. d4 Nf6 2. c4 c5 3. d5 b5 4. Nf3 b4 5. Nbd2 g6 6. e4 d6 7. Bd3 Bg7 8. O-O O-O
9. a3 Na6 10. Nb3 Qc7 11. h3 Bd7 12. a4 e6 13. Be3 e5 14. g4 h5 15. Nh2 hxg4
16. hxg4 Qc8 17. f3 Kh7 18. Rf2 Rh8 19. Nf1 Kg8 20. Rh2 Rxh2 21. Kxh2 Kf8 22.
Kg2 Ke7 23. Ng3 Kd8 24. Nd2 Kc7 25. b3 Qb7 26. Qe2 Rh8 27. Rh1 Qc8 28. Qe1 Kb6
29. Rxh8 Qxh8 30. Qh1 Qxh1+ 31. Kxh1 Nh7 32. Kg2 Bf6 33. Ne2 Nc7 34. Kg3 Ne8
35. Ng1 Kc7 36. Nh3 Kd8 37. Bf1 Kc7 38. Bd3 Kd8 39. Nf1 Ke7 40. g5 Bg7 41. Nh2
Bf8 42. Ng4 Kd8 43. f4 exf4+ 44. Nxf4 Bg7 45. Ng2 Bxg4 46. Kxg4 Nf8 47. Nh4 Nd7
48. Bf4 Ne5+ 49. Bxe5 Bxe5 50. Nf3 Ke7 51. Nxe5 dxe5 52. Kh4 Nd6 53. Kg4 f6 54.
gxf6+ Kxf6 55. Bc2 Kg7 56. Kg5 Nf7+ 57. Kg4 Kh6 58. Bd1 Nd6 59. Bf3 Ne8 60. Bg2
Nd6 61. Bf3 a5 62. Bg2 Ne8 63. Bh3 Nd6 64. Bg2 g5 65. Bh3 Kg6 66. Kf3 g4+ 67.
Kxg4 Nxe4 68. Bf1 Nd2 69. Bd3+ e4 70. Bc2 Kf6 71. Kf4 Ke7 72. Ke3 Nf3 73. Kxe4
Ng5+ 74. Kf4 Nf7 75. Bg6 Nd6 76. Ke5 Kd7 77. Bf5+ Kc7 78. Ke6 Nb7 79. Bh7 Nd6
80. Bg6 Nb7 81. Be8 Nd6 82. Bc6 Ne4 83. d6+ Nxd6 84. Kd5 Nf7 85. Kxc5 Ne5 86.
Be4 Nd7+ 87. Kb5 Kd6 88. Bc2 Ne5 89. Be4 Nd7 90. Bf5 Nc5 91. Bc2 Ne6 92. Kb6
Nd4 93. c5+ Kd7 94. Bd1 Kc8 95. Kxa5 Nc6+ 96. Kb6 1-0

[Event "1. liga V 24/25, Duras-Orlova"]
[Site ""]
[Date "2024.11.24"]
[Round "3.3"]
[White "Vyskocil, Neklan"]
[Black "Sramek, Vojtech"]
[Result "1/2-1/2"]
[WhiteFideId "307106"]
[BlackFideId "358681"]
[WhiteElo "2269"]
[BlackElo "2245"]
[PlyCount "0"]
[WhiteTeam "Duras Charlie's Street Brno"]
[BlackTeam "SK Slavia Orlova"]
[EventDate "2024.10.20"]

1. Nf3 c5 2. c4 g6 3. d4 cxd4 4. Nxd4 Nc6 5. e4 Bg7 6. Be3 Nf6 7. Nc3 O-O 8.
Be2 d6 9. O-O Bd7 10. Qd2 Nxd4 11. Bxd4 Bc6 12. f3 a5 13. b3 Nd7 14. Be3 Nc5
15. Rad1 Qb6 16. Nb5 Rfc8 17. Rc1 Qd8 18. Rfd1 h5 19. Bf1 Kh7 20. Qf2 1/2-1/2

[Event "1. liga V 24/25, Duras-Orlova"]
[Site ""]
[Date "2024.11.24"]
[Round "3.4"]
[White "Husek, Martin"]
[Black "Tajovsky, Martin"]
[Result "1-0"]
[WhiteFideId "384054"]
[BlackFideId "324116"]
[WhiteElo "2210"]
[BlackElo "2205"]
[PlyCount "0"]
[WhiteTeam "SK Slavia Orlova"]
[BlackTeam "Duras Charlie's Street Brno"]
[EventDate "2024.10.20"]

1. d4 Nf6 2. c4 e6 3. Nc3 d5 4. cxd5 exd5 5. Bg5 Be7 6. e3 O-O 7. Bd3 Nbd7 8.
Nge2 c6 9. O-O Ne4 10. Bxe7 Qxe7 11. Bxe4 dxe4 12. d5 Nf6 13. dxc6 bxc6 14. Qa4
Rb8 15. Rab1 Rb4 16. Qa5 Qb7 17. Nd4 Rxb2 18. Rxb2 Qxb2 19. Rb1 Qd2 20. Rd1 Qb2
21. Nb3 Nd5 22. Nxd5 cxd5 23. Qxa7 Bg4 24. Ra1 Rc8 25. Qd4 Qa3 26. Qd2 h6 27.
Nd4 Bd7 28. Rb1 Ba4 29. h3 g6 30. Qb2 Qd6 31. Qb7 Bd7 32. Qa7 Rc7 33. Qb8+ Kh7
34. Qb2 Ra7 35. Rc1 g5 36. Rc3 g4 37. hxg4 Bxg4 38. Nb5 Qb6 39. Rb3 Ra8 40. Nd4
Qg6 41. Rb6 Qg5 42. Rb8 Bh3 43. g3 Rxb8 44. Qxb8 Qg4 45. Qb3 Qh5 46. a4 Bg4 47.
Qb6 Kg7 48. Qd8 Bf3 49. Qh4 Qg6 50. a5 Qa6 51. Nf5+ Kh7 52. Qxh6+ Qxh6 53. Nxh6
d4 54. Kf1 dxe3 55. fxe3 1-0

[Event "1. liga V 24/25, Duras-Orlova"]
[Site ""]
[Date "2024.11.24"]
[Round "3.5"]
[White "Vadila, Ondrej"]
[Black "Kostka, Vit"]
[Result "0-1"]
[WhiteFideId "14944642"]
[BlackFideId "349232"]
[WhiteElo "2206"]
[BlackElo "2180"]
[PlyCount "0"]
[WhiteTeam "Duras Charlie's Street Brno"]
[BlackTeam "SK Slavia Orlova"]
[EventDate "2024.10.20"]

1. d4 d5 2. Nc3 c5 3. dxc5 Nf6 4. Nf3 Nc6 5. e3 Bg4 6. h3 Bxf3 7. Qxf3 e6 8.
Bd3 Bxc5 9. e4 Bb4 10. exd5 Qxd5 11. Qxd5 Nxd5 12. Bd2 Nxc3 13. bxc3 Ba5 14.
Ke2 O-O 15. Rab1 b6 16. Rb5 Rac8 17. h4 Ne7 18. Rh3 g6 19. c4 Bxd2 20. Kxd2
Rfd8 21. Ke2 Nc6 22. Rb1 Na5 23. Rb4 e5 24. Re3 f5 25. f3 Kg7 26. c3 Kf6 27. g3
Rc5 28. Ra4 Rd7 29. Bc2 Rxc4 30. Bb3 Rxa4 31. Bxa4 Rd5 32. Ke1 f4 33. gxf4 exf4
34. Re4 Re5 35. Bc2 Nc4 36. Rxe5 Kxe5 37. h5 gxh5 38. Bxh7 Ne3 39. Bg8 Nd5 40.
c4 Ne3 0-1

[Event "1. liga V 24/25, Duras-Orlova"]
[Site ""]
[Date "2024.11.24"]
[Round "3.6"]
[White "Lojek, Marek"]
[Black "Jires, Jiri"]
[Result "0-1"]
[WhiteFideId "358649"]
[BlackFideId "365718"]
[WhiteElo "2112"]
[BlackElo "2127"]
[PlyCount "0"]
[WhiteTeam "SK Slavia Orlova"]
[BlackTeam "Duras Charlie's Street Brno"]
[EventDate "2024.10.20"]

1. c4 Nf6 2. Nc3 g6 3. g3 Bg7 4. Bg2 d6 5. d4 O-O 6. Nf3 Nc6 7. O-O Rb8 8. d5
Na5 9. Qd3 c5 10. e4 a6 11. e5 Ng4 12. exd6 exd6 13. Re1 b5 14. cxb5 axb5 15.
Bg5 Qb6 16. h3 Bf5 17. Qd1 Ne5 18. Nxe5 Bxe5 19. g4 Bc8 20. Rxe5 f6 21. Re7
fxg5 22. Qd2 Qd8 23. Rae1 b4 24. Qxg5 Rb7 25. Nd1 Nc4 26. h4 Ne5 27. Rxb7 Qxg5
28. hxg5 Bxb7 29. Ne3 Rf4 30. f3 Kf7 31. Rf1 Ba6 32. Rf2 Nd3 33. Rd2 Ne5 34.
Kf2 Ke7 35. Kg3 Rf8 36. f4 Nf7 37. Be4 c4 38. Rc2 Rc8 39. Kh4 Kf8 40. Rc1 Re8
41. Nxc4 Rxe4 42. Nxd6 Nxd6 43. Rc6 Bb7 44. Rxd6 Rxf4 45. a4 Ke7 46. Re6+ Kd7
47. a5 Bxd5 48. Ra6 Be6 49. Kh3 Rf3+ 50. Kh4 Bc4 51. Rf6 Rxf6 52. gxf6 Ke6 53.
g5 b3 54. Kg4 Bd3 55. Kf4 h6 56. Ke3 Ba6 57. gxh6 Kxf6 58. Kf4 g5+ 59. Kg4 Kg6
60. h7 Bc8+ 0-1

[Event "1. liga V 24/25, Duras-Orlova"]
[Site ""]
[Date "2024.11.24"]
[Round "3.7"]
[White "Glozar, Petr"]
[Black "Horvath, Tomas"]
[Result "1/2-1/2"]
[WhiteFideId "374504"]
[BlackFideId "358630"]
[WhiteElo "2149"]
[BlackElo "2063"]
[PlyCount "0"]
[WhiteTeam "Duras Charlie's Street Brno"]
[BlackTeam "SK Slavia Orlova"]
[EventDate "2024.10.20"]

1. Nf3 Nf6 2. c4 c5 3. e3 d5 4. cxd5 Nxd5 5. Qb3 e6 6. Nc3 Nxc3 7. bxc3 Bd6 8.
d4 O-O 9. Bd3 Nc6 10. O-O Qc7 11. h3 e5 12. dxe5 Nxe5 13. Nxe5 Bxe5 14. Bb2 Be6
15. c4 Rad8 16. Rfd1 Rd7 17. Be2 Bxb2 1/2-1/2

[Event "1. liga V 24/25, Duras-Orlova"]
[Site ""]
[Date "2024.11.24"]
[Round "3.8"]
[White "Sramek, Ondrej"]
[Black "Tajovsky, Matej"]
[Result "0-1"]
[WhiteFideId "358673"]
[BlackFideId "384780"]
[WhiteElo "1948"]
[BlackElo "2059"]
[PlyCount "0"]
[WhiteTeam "SK Slavia Orlova"]
[BlackTeam "Duras Charlie's Street Brno"]
[EventDate "2024.10.20"]

1. e4 c5 2. Nf3 Nc6 3. d4 cxd4 4. Nxd4 g6 5. Nc3 Bg7 6. Be3 Nf6 7. Bc4 O-O 8.
Nxc6 dxc6 9. Qxd8 Rxd8 10. a4 Ng4 11. Bg5 h6 12. Bh4 Rd4 13. Bb3 Be6 14. Bxe6
fxe6 15. Ke2 g5 16. Bg3 Rb4 17. Ra3 Rxb2 18. Kd2 Rd8+ 19. Kc1 Rb4 20. h3 Ne5
21. Rb3 Nd3+ 22. Kb1 Rxb3+ 23. cxb3 Bxc3 24. Kc2 Ba5 25. Rd1 Nb4+ 0-1

[Event "1. liga V 24/25, Morenda-Poruba"]
[Site ""]
[Date "2024.11.24"]
[Round "3.1"]
[White "Polak, Tomas"]
[Black "Klekowski, Maciej"]
[Result "1/2-1/2"]
[WhiteFideId "300560"]
[BlackFideId "1132717"]
[WhiteElo "2470"]
[BlackElo "2463"]
[PlyCount "0"]
[WhiteTeam "Moravska Slavia Brno B"]
[BlackTeam "SK Slavoj Poruba B"]
[EventDate "2024.10.20"]

1. d4 Nf6 2. c4 e6 3. Nf3 b6 4. g3 Bb7 5. Bg2 Be7 6. Nc3 O-O 7. O-O Ne4 8. Bd2
d5 9. Ne5 Nd7 10. Nxe4 dxe4 11. Qc2 f5 12. Bf4 Nxe5 13. Bxe5 Bf6 14. Bxf6 Qxf6
15. Rad1 Rad8 16. e3 h5 1/2-1/2

[Event "1. liga V 24/25, Morenda-Poruba"]
[Site ""]
[Date "2024.11.24"]
[Round "3.2"]
[White "Niedbala, Bartlomiej"]
[Black "Kociscak, Jiri"]
[Result "1/2-1/2"]
[WhiteFideId "21834008"]
[BlackFideId "322121"]
[WhiteElo "2389"]
[BlackElo "2477"]
[PlyCount "0"]
[WhiteTeam "SK Slavoj Poruba B"]
[BlackTeam "Moravska Slavia Brno B"]
[EventDate "2024.10.20"]

1. e4 e5 2. Nf3 Nc6 3. Bb5 a6 4. Ba4 Nf6 5. O-O Be7 6. Re1 b5 7. Bb3 O-O 8. a4
b4 9. d4 d6 10. dxe5 dxe5 11. Nbd2 Bb7 12. a5 Nd4 13. Bc4 Ne6 14. Nxe5 Nc5 15.
Qe2 Qd6 16. Ndf3 Nfxe4 17. Be3 Qf6 18. Bd4 Qf5 19. Bxc5 Bxc5 20. Bd3 f6 21.
Bxe4 Qxe4 22. Qxe4 Bxe4 23. Nd7 Bxf3 24. gxf3 Bd4 25. Nxf8 Kxf8 26. Rab1 Be5
27. Re4 Rb8 28. f4 Bd6 29. Rc4 Rb5 30. Ra1 Bc5 31. Kg2 Ke7 32. f5 Kd7 33. Rh4
h6 34. Kf3 Bd6 35. Kg4 Ke7 36. Rh3 Kf7 37. f4 Rc5 38. c3 bxc3 39. bxc3 Rc4 40.
Rf3 g6 41. fxg6+ Kxg6 42. Rd1 h5+ 43. Kg3 Rc5 44. Ra1 Rc4 45. Rd1 1/2-1/2

[Event "1. liga V 24/25, Morenda-Poruba"]
[Site ""]
[Date "2024.11.24"]
[Round "3.3"]
[White "Zeman, Matyas"]
[Black "Rasik, Vitezslav"]
[Result "1/2-1/2"]
[WhiteFideId "364398"]
[BlackFideId "300306"]
[WhiteElo "2332"]
[BlackElo "2420"]
[PlyCount "0"]
[WhiteTeam "Moravska Slavia Brno B"]
[BlackTeam "SK Slavoj Poruba B"]
[EventDate "2024.10.20"]

1. d4 d6 2. e4 g6 3. Nf3 Nf6 4. Nbd2 Bg7 5. Bb5+ c6 6. Bd3 O-O 7. O-O Qc7 8. a4
Nbd7 9. Re1 Nh5 10. Bf1 b6 11. c3 a6 12. g3 Rb8 13. Bg2 b5 14. Nf1 e5 15. Ne3
Nhf6 16. Qc2 Re8 17. dxe5 dxe5 18. Nd2 Nc5 19. axb5 cxb5 20. b4 Ne6 21. Nd5
Nxd5 1/2-1/2

[Event "1. liga V 24/25, Morenda-Poruba"]
[Site ""]
[Date "2024.11.24"]
[Round "3.4"]
[White "Velicka, Petr"]
[Black "Pisk, Petr"]
[Result "0-1"]
[WhiteFideId "300659"]
[BlackFideId "304689"]
[WhiteElo "2334"]
[BlackElo "2287"]
[PlyCount "0"]
[WhiteTeam "SK Slavoj Poruba B"]
[BlackTeam "Moravska Slavia Brno B"]
[EventDate "2024.10.20"]

1. Nf3 Nf6 2. c4 g6 3. Nc3 Bg7 4. e4 O-O 5. d4 d6 6. Be2 e5 7. O-O exd4 8. Nxd4
Re8 9. f3 c6 10. Kh1 Nbd7 11. Nc2 Ne5 12. f4 Ned7 13. Bf3 Nc5 14. Re1 a5 15.
Rb1 h5 16. h3 a4 17. Na3 Ng4 18. Kg1 Qh4 19. Re2 f5 20. Qxd6 Rd8 21. Qxg6 fxe4
22. hxg4 exf3 23. Re8+ Rxe8 24. Qxe8+ Kh7 25. Qxh5+ Qxh5 26. gxh5 Bd4+ 27. Kf1
Bf5 28. gxf3 Bd3+ 29. Kg2 Rg8+ 30. Kh2 Bxc3 31. bxc3 Bxb1 32. Nxb1 Nd3 33. Bd2
Kh6 34. c5 Re8 35. Kg3 Kxh5 36. Na3 Re2 37. Nc4 Nxc5 38. Be3 b5 39. Bxc5 bxc4
40. a3 Rc2 41. Bb4 Kg6 42. Kg4 Rg2+ 43. Kh3 Rb2 44. Kg4 Rxb4 0-1

[Event "1. liga V 24/25, Morenda-Poruba"]
[Site ""]
[Date "2024.11.24"]
[Round "3.5"]
[White "Holemar, David"]
[Black "Walter, Szymon"]
[Result "1/2-1/2"]
[WhiteFideId "307009"]
[BlackFideId "1172590"]
[WhiteElo "2181"]
[BlackElo "2324"]
[PlyCount "0"]
[WhiteTeam "Moravska Slavia Brno B"]
[BlackTeam "SK Slavoj Poruba B"]
[EventDate "2024.10.20"]

1. d4 Nf6 2. c4 e6 3. Nf3 Bb4+ 4. Nbd2 O-O 5. Qc2 c5 6. a3 Bxd2+ 7. Bxd2 cxd4
8. Nxd4 d5 9. e3 e5 10. Nf3 d4 11. Nxe5 Re8 12. Nf3 dxe3 13. Bxe3 Ng4 14. Be2
Nxe3 15. fxe3 Qb6 16. c5 Qh6 17. O-O Qxe3+ 18. Rf2 Bg4 19. Bb5 Nc6 20. Bxc6
bxc6 21. Re1 Qh6 22. Rfe2 Rxe2 23. Qxe2 Qe6 24. Qxe6 Bxe6 25. Nd4 Bd7 26. b4 a5
27. Kf2 Kf8 28. Re2 axb4 29. axb4 Ra4 30. Rb2 Ke7 31. Ke3 Ra3+ 32. Kd2 Kf6 33.
b5 cxb5 34. c6 Bc8 35. Rxb5 Ra2+ 36. Ke3 Rxg2 37. Rb8 Bg4 38. c7 Rxh2 39. c8=Q
Bxc8 40. Rxc8 Rh3+ 41. Kf4 Rh4+ 42. Ke3 Rh3+ 43. Kf4 Rh4+ 44. Ke3 Rh3+ 1/2-1/2

[Event "1. liga V 24/25, Morenda-Poruba"]
[Site ""]
[Date "2024.11.24"]
[Round "3.6"]
[White "Malik, Jan"]
[Black "Bures, Vit"]
[Result "0-1"]
[WhiteFideId "317500"]
[BlackFideId "309052"]
[WhiteElo "2250"]
[BlackElo "2167"]
[PlyCount "0"]
[WhiteTeam "SK Slavoj Poruba B"]
[BlackTeam "Moravska Slavia Brno B"]
[EventDate "2024.10.20"]

1. Nf3 d5 2. d4 Nf6 3. c4 c6 4. e3 Bg4 5. Nc3 e6 6. Qb3 Qb6 7. Ne5 Bf5 8. c5
Qc7 9. Be2 Nbd7 10. f4 Nxe5 11. fxe5 Ne4 12. Bf3 Nxc3 13. Qxc3 Be7 14. O-O O-O
15. Bd2 f6 16. exf6 Bxf6 17. Be1 e5 18. Bg3 exd4 19. exd4 Qd7 20. Rf2 Bg4 21.
Bd6 Rfe8 22. Raf1 Bxf3 23. Rxf3 Qe6 24. Kh1 Qe4 25. Rf4 Qg6 26. Qf3 Re4 27. Be5
Rxf4 28. Qxf4 Bxe5 29. Qxe5 Re8 30. Qc7 Qf6 31. Rg1 Qxd4 32. Qxb7 Qxc5 33. h3
h6 34. Rf1 Kh8 35. Qd7 Rg8 36. b3 a5 37. Rf3 Qc2 38. a4 Qc1+ 39. Kh2 Qc5 40.
Rg3 d4 41. h4 Qe5 42. Qxc6 Rd8 43. Qb6 Rd6 44. Qc7 d3 45. Kh3 Qe6+ 46. Kh2 Qd7
0-1

[Event "1. liga V 24/25, Morenda-Poruba"]
[Site ""]
[Date "2024.11.24"]
[Round "3.7"]
[White "Kupsa, Matej"]
[Black "Caletka, Radomir"]
[Result "1/2-1/2"]
[WhiteFideId "374040"]
[BlackFideId "321133"]
[WhiteElo "2140"]
[BlackElo "2164"]
[PlyCount "0"]
[WhiteTeam "Moravska Slavia Brno B"]
[BlackTeam "SK Slavoj Poruba B"]
[EventDate "2024.10.20"]

1. d4 Nf6 2. Bg5 e6 3. Nf3 h6 4. Bxf6 Qxf6 5. e3 b6 6. Nbd2 Bb7 7. Bd3 g6 8.
O-O Bg7 9. c3 O-O 10. Qe2 d6 11. Be4 c6 12. a4 a6 13. Bc2 Nd7 14. Nc4 Qe7 15.
e4 a5 16. e5 dxe5 17. Nfxe5 Nxe5 18. Nxe5 c5 19. dxc5 Qxc5 20. Nf3 Ba6 21. Bd3
Bxd3 22. Qxd3 Rfd8 23. Qc2 Rd5 24. Rfd1 Rad8 25. Rxd5 Qxd5 26. h3 Kh7 27. Re1
Qa2 28. Re2 Qc4 29. Re4 Qc6 30. Re2 Qc4 31. Re4 Qc5 32. Re2 e5 33. Rd2 Rxd2 34.
Nxd2 Qd5 35. Nf1 Bf8 36. Ne3 Qe6 1/2-1/2

[Event "1. liga V 24/25, Morenda-Poruba"]
[Site ""]
[Date "2024.11.24"]
[Round "3.8"]
[White "Krajina, Ales"]
[Black "Skacelik, Petr"]
[Result "0-1"]
[WhiteFideId "302112"]
[BlackFideId "307904"]
[WhiteElo "2140"]
[BlackElo "2114"]
[PlyCount "0"]
[WhiteTeam "SK Slavoj Poruba B"]
[BlackTeam "Moravska Slavia Brno B"]
[EventDate "2024.10.20"]

1. h4 d5 2. h5 c5 3. c3 Nc6 4. d4 cxd4 5. cxd4 h6 6. Nc3 Nf6 7. Nf3 e6 8. a3
Bd6 9. e3 a6 10. b4 Bd7 11. Bb2 O-O 12. Rc1 b5 13. Bd3 Rc8 14. Bb1 Qb6 15. Qd3
Rfd8 16. g4 e5 17. dxe5 Nxe5 18. Nxe5 Bxe5 19. f4 Bxf4 20. exf4 Re8+ 21. Kf1
Re3 22. Nxd5 Rxc1+ 23. Bxc1 Rxd3 24. Nxb6 Rd1+ 25. Kf2 Rxh1 26. Nxd7 Nxd7 27.
Bf5 Rxc1 28. Bxd7 Ra1 0-1

[Event "1. liga V 24/25, Trinec-BSS"]
[Site ""]
[Date "2024.11.24"]
[Round "3.1"]
[White "Langner, Ladislav"]
[Black "Gnojek, Petr"]
[Result "1-0"]
[WhiteFideId "300403"]
[BlackFideId "371807"]
[WhiteElo "2353"]
[BlackElo "2420"]
[PlyCount "0"]
[WhiteTeam "TJ TZ Trinec"]
[BlackTeam "BSS Frydek-Mistek B"]
[EventDate "2024.10.20"]

1. e4 d6 2. d4 Nf6 3. Nc3 g6 4. h3 Bg7 5. Be3 c6 6. f4 Qa5 7. Bd3 Nbd7 8. Nf3
e5 9. O-O O-O 10. Qd2 Nh5 11. dxe5 dxe5 12. f5 Ng3 13. Rf2 Nf6 14. Bh6 Qc5 15.
Qg5 Nh1 16. Kxh1 Qxf2 17. Bxg7 Kxg7 18. Nxe5 Nh5 19. Ng4 Qf4 20. Qe7 h6 21.
Ne2 Qg5 22. Qe5+ f6 23. Qd6 gxf5 24. exf5 Re8 25. Rf1 Kh8 26. Kh2 Qg7 27. Nf4
Nxf4 28. Rxf4 Rg8 29. Qxf6 Qxf6 30. Nxf6 Rf8 31. Ng4 Kg7 32. f6+ Kf7 33. Nxh6+
Ke6 34. f7 Ke5 35. Rf2 Be6 36. g4 Rh8 37. g5 Raf8 38. c3 Kd6 39. Nf5+ Kd7 40.
g6 1-0

[Event "1. liga V 24/25, Trinec-BSS"]
[Site ""]
[Date "2024.11.24"]
[Round "3.2"]
[White "Mica, Marek"]
[Black "Fargac, Martin"]
[Result "1-0"]
[WhiteFideId "382884"]
[BlackFideId "345245"]
[WhiteElo "2333"]
[BlackElo "2357"]
[PlyCount "0"]
[WhiteTeam "BSS Frydek-Mistek B"]
[BlackTeam "TJ TZ Trinec"]
[EventDate "2024.10.20"]

1. d4 g6 2. c4 Bg7 3. Nf3 d6 4. g3 Nc6 5. Bg2 e5 6. dxe5 dxe5 7. Qxd8+ Nxd8 8.
Nc3 Ne6 9. O-O Ne7 10. Rd1 h6 11. Rb1 O-O 12. b3 Re8 13. Ba3 f5 14. Nd5 Nc6
15. e4 Kh7 16. exf5 gxf5 17. Bh3 f4 18. Bf5+ Kh8 19. Bxe6 Bxe6 20. Nxc7 Bg4
21. Nxe8 Rxe8 22. Nh4 Bxd1 23. Rxd1 e4 24. Ng6+ Kg8 25. Nxf4 e3 26. fxe3 Rxe3
27. Bc5 Rc3 28. Ne6 Rc2 29. Nxg7 Kxg7 30. Rd7+ Kg6 31. Rxb7 Ne5 32. Bf2 a5 33.
Rb5 Nf3+ 34. Kg2 Nxh2 35. Kxh2 Rxf2+ 36. Kh3 Rxa2 37. Kg4 a4 38. Rb6+ Kg7 39.
b4 a3 40. c5 Rb2 41. Kf5 a2 42. Rb7+ Kf8 43. Ra7 Rxb4 44. Rxa2 Rc4 45. Kf6 Kg8
46. Ra8+ Kh7 47. Ra7+ Kg8 48. Rc7 Rg4 49. c6 Rc4 50. Kg6 Rg4+ 51. Kxh6 Kf8 52.
Rd7 Ke8 53. Rg7 Rc4 54. c7 Kf8 55. Rd7 1-0

[Event "1. liga V 24/25, Trinec-BSS"]
[Site ""]
[Date "2024.11.24"]
[Round "3.3"]
[White "Szotkowski, Jakub"]
[Black "Rabatin, Jakub"]
[Result "0-1"]
[WhiteFideId "330590"]
[BlackFideId "329517"]
[WhiteElo "2303"]
[BlackElo "2309"]
[PlyCount "0"]
[WhiteTeam "TJ TZ Trinec"]
[BlackTeam "BSS Frydek-Mistek B"]
[EventDate "2024.10.20"]

1. Nf3 Nf6 2. c4 g6 3. g3 Bg7 4. Bg2 O-O 5. d4 d6 6. O-O Nc6 7. Nc3 Bf5 8. d5
Na5 9. Nd4 Bd7 10. b3 c5 11. Nc2 a6 12. h3 Qc8 13. Kh2 b5 14. Qd3 Rb8 15. e4
e6 16. Bg5 h6 17. Bxf6 Bxf6 18. Rab1 e5 19. f4 bxc4 20. bxc4 Rxb1 21. Nxb1
exf4 22. gxf4 Qb8 23. Nd2 Qb2 24. Rb1 Qc3 25. Bf1 g5 26. e5 Qxd3 27. Bxd3 dxe5
28. Ne4 Bg7 29. Nxc5 Bc8 30. fxg5 hxg5 31. Rg1 f5 32. Rxg5 e4 33. Bf1 Kh7 34.
h4 Be5+ 35. Kh1 Bf6 36. Rg2 Be7 37. Nb3 Nxb3 38. axb3 f4 39. h5 Bh3 40. Rg1
Bf5 41. b4 e3 42. Nd4 Be4+ 43. Kh2 f3 44. c5 e2 45. Bxe2 fxe2 46. d6 Bd8 47.
Re1 Bd3 48. c6 Bh4 49. c7 Bxe1 50. Nxe2 Bxb4 0-1

[Event "1. liga V 24/25, Trinec-BSS"]
[Site ""]
[Date "2024.11.24"]
[Round "3.4"]
[White "Virostko, Petr"]
[Black "Tymrakiewicz, Rafal"]
[Result "0-1"]
[WhiteFideId "308340"]
[BlackFideId "1108832"]
[WhiteElo "2303"]
[BlackElo "2145"]
[PlyCount "0"]
[WhiteTeam "BSS Frydek-Mistek B"]
[BlackTeam "TJ TZ Trinec"]
[EventDate "2024.10.20"]

1. d4 d5 2. c4 c6 3. Nc3 Nf6 4. Nf3 a6 5. e3 Bf5 6. Qb3 b5 7. cxd5 cxd5 8. Ne5
e6 9. f3 h6 10. g3 Be7 11. Bg2 O-O 12. O-O Bh7 13. a3 Nfd7 14. Rd1 Ra7 15. Nd3
Nc6 16. Ne2 Na5 17. Qa2 Qb6 18. e4 Nf6 19. Nf2 Rc8 20. Bd2 Rac7 21. Nc3 Nc4
22. Bf4 Rc6 23. exd5 Nxd5 24. Nxd5 exd5 25. Bh3 Rd8 26. Re1 Bf8 27. Rad1 g5
28. Bc1 Bc2 29. b3 Bxd1 30. Rxd1 Nd6 31. f4 gxf4 32. Bxf4 Bg7 33. Kh1 Ne4 34.
Nxe4 dxe4 35. d5 Rc3 36. Qe2 e3 37. Rd3 Rxd3 38. Qxd3 Qd4 39. Qxe3 Qxd5+ 40.
Bg2 Qd1+ 41. Qg1 Qxb3 0-1

[Event "1. liga V 24/25, Trinec-BSS"]
[Site ""]
[Date "2024.11.24"]
[Round "3.5"]
[White "Frolik, Martin"]
[Black "Paseka, Matyas"]
[Result "0-1"]
[WhiteFideId "304123"]
[BlackFideId "23703296"]
[WhiteElo "2125"]
[BlackElo "2254"]
[PlyCount "0"]
[WhiteTeam "TJ TZ Trinec"]
[BlackTeam "BSS Frydek-Mistek B"]
[EventDate "2024.10.20"]

1. d4 Nf6 2. c4 g6 3. Nc3 Bg7 4. e4 d6 5. Nf3 O-O 6. Be2 e5 7. d5 a5 8. Nd2
Nfd7 9. O-O f5 10. Qc2 Nf6 11. Rb1 f4 12. a3 g5 13. f3 h5 14. b4 g4 15. c5 g3
16. Rd1 gxh2+ 17. Kxh2 h4 18. Nb5 Rf7 19. Nc4 Bf8 20. cxd6 cxd6 21. bxa5 Na6
22. Nb6 h3 23. Bf1 hxg2 24. Bxg2 Rg7 25. Nxa8 Nxe4 26. fxe4 Qh4+ 27. Kg1 f3
28. Rb2 Bh3 29. Nc3 Bxg2 30. Qxg2 fxg2 31. Rxg2 Qh3 32. Rxg7+ Bxg7 33. Ne2 Nc5
34. Nc7 Qg4+ 35. Kf1 Qf3+ 36. Ke1 Nxe4 0-1

[Event "1. liga V 24/25, Trinec-BSS"]
[Site ""]
[Date "2024.11.24"]
[Round "3.6"]
[White "Holeksa, Zdenek"]
[Black "Sikora, Jan"]
[Result "1-0"]
[WhiteFideId "316261"]
[BlackFideId "305405"]
[WhiteElo "2285"]
[BlackElo "2100"]
[PlyCount "0"]
[WhiteTeam "BSS Frydek-Mistek B"]
[BlackTeam "TJ TZ Trinec"]
[EventDate "2024.10.20"]

1. e4 g6 2. d4 Bg7 3. Nf3 a6 4. Bc4 e6 5. Bb3 c5 6. O-O cxd4 7. Nxd4 Ne7 8.
Nc3 b5 9. f4 Nbc6 10. Be3 O-O 11. f5 Bxd4 12. Bxd4 Nxd4 13. Qxd4 Nc6 14. Qe3
f6 15. Qh6 Qe8 16. Nd5 exd5 17. fxg6 Qe7 18. exd5 Qg7 19. dxc6+ Kh8 20. Qxg7+
Kxg7 21. Rae1 dxc6 22. Re7+ Kxg6 23. Rf3 f5 24. Rg3+ Kf6 25. Rxh7 c5 26. Rh6+
Ke5 27. Re3+ Kf4 28. Kf2 Kg5 29. Reh3 Kf4 30. Rg6 Bb7 31. Rh4+ Ke5 32. Re6# 1-0